|
|
|
|
| LEADER |
00000nam0a2200000 4500 |
| 001 |
113002 |
| 005 |
20231101215109.0 |
| 010 |
|
|
|a 530800207X
|
| 035 |
|
|
|a (RuTPU)RU\TPU\book\122217
|
| 090 |
|
|
|a 113002
|
| 100 |
|
|
|a 20070404d1988 m y0rusy50 ca
|
| 101 |
0 |
|
|a rus
|
| 102 |
|
|
|a UA
|
| 105 |
|
|
|a a z 000ab
|
| 200 |
1 |
|
|a Чайковский
|a Повести
|e роман
|f Е. П. Гребенка
|g авт. предисл. С. Д. Зубков; худож. И. М. Гаврилюк
|
| 210 |
|
|
|a Киев
|c Днiпро
|d 1988
|
| 215 |
|
|
|a 555 с.
|c ил.
|
| 600 |
|
1 |
|a Чайковский
|g Петр Ильич
|b П. И.
|c русский композитор
|f 1840-1893
|2 stltpush
|3 (RuTPU)RU\TPU\pers\1137
|
| 600 |
|
1 |
|a Гребенка
|b Е. П.
|c украинский писатель
|f 1812-1848
|g Евгений Павлович
|2 stltpush
|3 (RuTPU)RU\TPU\pers\19260
|9 7357
|
| 610 |
1 |
|
|a русская литература
|
| 610 |
1 |
|
|a украинская литература
|
| 675 |
|
|
|a Р1
|v 3
|
| 700 |
|
1 |
|a Гребенка
|b Е. П.
|c украинский писатель
|f 1812-1848
|g Евгений Павлович
|2 stltpush
|3 (RuTPU)RU\TPU\pers\19260
|9 7357
|
| 702 |
|
1 |
|a Зубков
|b С. Д.
|4 080
|
| 702 |
|
1 |
|a Гаврилюк
|b И. М.
|4 440
|
| 801 |
|
1 |
|a RU
|b 63413507
|c 20070404
|g PSBO
|
| 801 |
|
2 |
|a RU
|b 63413507
|c 20070426
|g PSBO
|
| 942 |
|
|
|c BK
|